000 01696cam a22003011i 4500
003 SA-RiAUC
005 20250909124059.0
008 250908q19001999||| g 000 0 ara c
040 _aSA-JeALM
_bara
_cSA-RiAUC
_erda
082 0 4 _a258.2
090 _a258.2
_bا ز هـ
100 1 _aالأزهري، صالح عبد السميع الآبي،
_dتوفي 1335 هجري
_eمؤلف.
245 1 2 _aالجواهر المضية بشرح العزية على المقدمة العزية /
_cصالح عبد السميع الآبي الأزهري ؛ تحقيق علي بن السيد عبد الرحمن الهاشم.
246 3 0 _aشرح العزية على المقدمة العزية
264 1 _aالقاهرة :
_bعلي بن اليبد عبدالرحمن الهاشم،
_bدار النصر للطباعة الاسلامية.
_c2000
300 _a383 صفحة.
_c24 سم.
336 _aنص
_btxt
_2rdacontent
_3كتاب
337 _aبدون وسيط
_bn
_2rdamedia
338 _aمجلد
_bnc
_2rdacarrier
650 7 _aالفقه المالكي
_2aucsh
700 1 _aالهاشم، علي بن عبد الرحمن،
_d1945-
_eمحقق.
700 1 2 _aالزرقاني، عبد الباقي بن يوسف بن أحمد،
_d1020-1099 هجري.
_tشرح المقدمة العزية للجماعة الأزهرية.
700 1 2 _aالمنوفي، علي بن محمد بن محمد،
_d857-939 هجري.
_tالمقدمة العزية للجماعة الأزهرية.
740 0 2 _aشرح المقدمة العزية للجماعة الأزهرية.
740 2 2 _aالمقدمة العزية للجماعة الأزهرية.
942 _2ddc
_cBOOK
_n0
949 _aSA-JeALM
_d250908
_uosman123
_n1
999 _c11551
_d11551